Senzory a senzorové systémy : Zborník

Salvato in:
Dettagli Bibliografici
Natura: Libro
Lingua:slovacco
Pubblicazione: Košice : ČSVTS, 1989
Tags: Aggiungi Tag
Nessun Tag, puoi essere il primo ad aggiungerne!!

MARC

LEADER 00000nam a22000003a 4500
001 stu3297
005 20150408174934.9
008 930319s1989----cs------------------slo-d
040 |a STU  |b slo 
041 0 |a slo 
044 |a cs 
080 |a 681.584 
080 |a 621.318.5 
080 |a 061.3(08) 
245 |a Senzory a senzorové systémy :  |b Zborník 
260 |a Košice :  |b ČSVTS,  |c 1989 
996 |b E67914  |c E*67914  |l EE11  |s P  |a 0  |w stu3297_0001 
996 |b E67915  |c E*67915  |l EE11  |s P  |a 0  |w stu3297_0002